Божественна літургія святого Йоана Золотоустого (Запис № 574518)

МАРК-запис
000 -Лідер
fixed length control field 00902nam a22002297a 4500
001 - Контрольний номер
control field 2162214035923836
003 - Ідентифікатор контрольного номера
control field UA-OsUOA
005 - Дата та час останнього входження (трансакції)
control field 20230703140329.0
008 - Елементи даних фіксованої довжини – загальна інформація
fixed length control field 230629b un ||||| |||| 00| 0 ukr d
040 ## - Джерело каталогізації
Агенція оригінальної каталогізації UA-OsUOA
Мова каталогізації ukr
Агенція, яка здійснювала перезапис UA-OsUOA
Агенція, яка здійснювала модифікацію UA-OsUOA
041 ## - Код мови
Код мови тексту/ звукової доріжки чи окремого заголовка (П) ukr
041 ## - Код мови
Код мови тексту/ звукової доріжки чи окремого заголовка (П) eng
080 ## - Індекс Універсальної десяткової класифікації
Індекс Універсальної десяткової класифікації (УДК) (НП) 27-23
090 ## - Локальний шифр розміщення
Класифікаційний індекс УДК 27-23
Авторський знак (НП) Б76
245 ## - Відомості про назву
Назва (НП) Божественна літургія святого Йоана Золотоустого
246 ## - Інша форма назви
Назва (НП) The Divine Liturgy of saint John Chrysostom
260 ## - Публікація, розповсюдження і т.п. (Вихідні дані)
Ім’я/ наймення видавництва, розповсюджувача і т.п. (П) Синод Ієрархії Української Католицької Церкви
Дата публікації, розповсюдження і т.п. (П) 1988
300 ## - Фізичний опис
Обсяг 143 с.
650 ## - Додаткове предметне введення – тематичний термін
Джерело заголовка чи терміна UDC
Тематичний термін чи географічна назва, як елемент введення (НП) 27-23 Священні тексти. Біблія: Старий Завіт, Новий Завіт
942 ## - Додаткові елементи входу (Коха)
Source of classification or shelving scheme Universal Decimal Classification
Тип елемента Koha Книги
Фонди
Стан вилучень Стан втрат Джерело класифікації або схеми стелажів Стан уражень Не для кредиту Постійне місце розташування Поточне розміщення Дата придбання Джерело придбання Інвентарний номер Усього замовленно Повний номер виклику Штрих-код Дата останнього перегляду Ціна ефективна від Тип елемента Koha
    Universal Decimal Classification     Наукова бібліотека ІДУД Наукова бібліотека ІДУД 29/06/2023 Акт надходжень №1/09.06.2023 (загальний) 2140414   27-23 Б76 2140414 29/06/2023 29/06/2023 Книги